The nature of consciousness : philosophical debates

Αποθηκεύτηκε σε:
Λεπτομέρειες βιβλιογραφικής εγγραφής
Άλλοι συγγραφείς: Block, Ned Joel 1942- (Επιμελητής έκδοσης), Flanagan, Owen J. (Επιμελητής έκδοσης), Guzeldere, Guven (Επιμελητής έκδοσης)
Μορφή: Βιβλίο
Γλώσσα:English
Δημοσίευση: Cambridge, Mass. : MIT Press, c1997
Θέματα:
Ετικέτες: Προσθήκη ετικέτας
Δεν υπάρχουν, Καταχωρήστε ετικέτα πρώτοι!

MARC

LEADER 00000nam a2200000 i 4500
001 1/71170
008 050204s1997 eng d
020 |a 0-262-52210-1 (pbk : alk. paper) 
035 |l 10076451 
040 |a GR-MY-UA  |b gre  |e aacr 
041 0 |a eng 
082 0 |a 126  |2 (21) 
245 1 4 |a The nature of consciousness :  |b philosophical debates /  |c Edited by Ned Block, Owen Flanagan, and Guven Guzeldere 
260 |a Cambridge, Mass. :   |b MIT Press,   |c c1997 
300 |a xxix, 843 σ.;  |b εικ.;  |c 23 εκ. 
504 |a Περιλαμβάνει βιβλιογραφίες και ευρετήριο. 
650 0 0 |a Consciousness. 
650 0 0 |a Philosophy of mind. 
700 1 |a Block, Ned Joel  |d 1942-  |4 edt 
700 1 |a Flanagan, Owen J.  |4 edt 
700 1 |a Guzeldere, Guven.  |4 edt 
852 |a INST  |b SYROS  |e 20050204  |h 126 NAT  |p 005500004113  |q 005500004113  |t BK  |y 0 
901 |a BIBL5-2005-1 
909 |a Ε  |b 115735 
920 |a ΔΙΕΥΡΥΝΣΗ  |b ΕΠΕΑΕΚ-ΤΜΣΠΣ  |y ΣΥΡΟΣ  |z 2004-10 
970 |a ΚΑΓΙΑΒΑ  |b ΕΙΡΗΝΗ  |z 2005/02/04